| 000 | 00356nam a2200145Ia 4500 | ||
|---|---|---|---|
| 008 | 230917s9999||||xx |||||||||||||| ||und|| | ||
| 040 |
_e58339 _aMAIN |
||
| 041 | _aEnglish | ||
| 082 | _a822.3 W394S | ||
| 100 | _aHarrison, G B | ||
| 245 | 0 | _aWebster and Ford: Selected plays | |
| 260 |
_aLondon _bEveryman's _c1964 |
||
| 300 | _axv, 336 p. | ||
| 942 | _cBK | ||
| 999 |
_c186591 _d186591 |
||